00625nam a2200193Ia 4500003000900000008004100009020001800050040001600068080001500084100002500099245008700124260003600211300001500247650002500262650001900287942000700306999001500313952010300328IN-BaIIA211028s9999 xx 000 0 eng d a0-387-90368-2 cIIA Library a550.3bPED aPedlosky, J.,911773 0aGeophysical fluid dynamicscJ. Pedlosky  aNew YorkbSpringer-Verlagc1979 axii, 624p. aFluid dynamics91512 aGeophysics954 cBK c6871d6871 00104070aBANbBANcGENd1981-10-12l1o550.3/ PEDp7637r2022-12-05s2022-10-03w1981-10-12yBK